000 00661nam a2200205 a 4500
008 060316s1983 ||||||||||||||||| || u
020 _a0070268339
050 _aTH 7687 Har
100 _aBryson, C. D
245 1 0 _aModern air conditioning practice. (3rd ed.)
250 _a3rd ed.
260 _aNew York :
_bMcGraw-Hill
_c1983
300 _axii, 433 p. : ill.
350 _a0.00
650 _aTEXTBOOKS
700 _aHarris, Norman C
700 _aCunningham, Michael J
700 _aThomas, Irving E
995 _D0.00
_FCBU-MAIN LIBRARY (Kitwe)
_H1
_I6.95
_M1
_UDAMAGED
_ZMain Library Open Access Collection
999 _c51404
_d51404